00490nam a22001457a 450000500170000001000130001702000260003003700090005610000250006524500970009026000390018727000790022630000190030570000200032420211005170705.0 aEN230921 a9789351507338c450.00 bSage aChakrabarty, Bidyut  aIndian administration: bevolution and practice /cby Bidyut Chakrabarty [and] Prakash Chand aNew DelhibSage Publicationsc2016 aB1/I-1, Mohan Cooperative Industrial Area, Mathura RoadbNew Delhie110044 avp.c24cm(pbk) aChand, Prakash